[Event "6R. XXI Torneo Magistral de Elgoibar - Nazioarteko Xake Txapelketa Elgoibarko"]
[Site "Elgoibar"]
[Date "2011.12.18"]
[Round "6.2"]
[Board "1"]
[White "Paunovic, Dragan"]
[Black "Etchegaray, Patrice"]
[Result "1-0"]
[WhiteElo "2528"]
[BlackElo "2420"]
[PlyCount "133"]
[EventDate "2011.12.14"]
[EventRounds "9"]
[EventCountry "ESP"]

1. Nf3 Nf6 2. c4 g6 3. g3 Bg7 4. Bg2 O-O 5. O-O d6 6. Nc3 Nc6 7. d3 e5 8. Rb1
a5 9. Bg5 h6 10. Bxf6 Bxf6 11. a3 Bg7 12. b4 axb4 13. axb4 Ne7 14. b5 Be6 15.
Qc2 Qd7 16. Rfc1 Ra3 17. Rb3 Ra5 18. Nd2 c6 19. bxc6 bxc6 20. Rcb1 Ra7 21. Rb4
Bh3 22. e4 Bxg2 23. Kxg2 f5 24. Qb3 Kh7 25. Rb7 Rxb7 26. Qxb7 Rd8 27. Qxd7 Rxd7
28. Kf1 Bf6 29. Ke2 Kg7 30. Rb6 Kf7 31. f3 h5 32. Nb3 Ra7 33. h3 h4 34. gxh4
Bxh4 35. c5 dxc5 36. Nxc5 Ra3 37. Nd1 Ra2+ 38. Rb2 Rxb2+ 39. Nxb2 Nc8 40. Nc4
Bg3 41. Kf1 fxe4 42. fxe4 Ke7 43. Kg2 Bf4 44. Kf3 Nd6 45. Nxd6 Kxd6 46. Nb3 Bh6
47. Kg4 Be3 48. h4 Bh6 49. h5 gxh5+ 50. Kxh5 Be3 51. Kg4 Ke6 52. Na5 c5 53. Nc4
Bc1 54. Kf3 Bf4 55. Ke2 Kd7 56. Kd1 Kc6 57. Kc2 Bg3 58. Kb3 Bf4 59. Ka4 Bg3 60.
Ka5 Bf4 61. Ka6 Bg3 62. Na5+ Kd6 63. Kb5 Bf2 64. Nb7+ Ke6 65. Kc6 Kf6 66. Kd5
Be3 67. Nxc5 1-0

[Event "6R. XXI Torneo Magistral de Elgoibar - Nazioarteko Xake Txapelketa Elgoibarko"]
[Site "Elgoibar"]
[Date "2011.12.18"]
[Round "6.3"]
[Board "1"]
[White "Franco Ocampos, Zenon"]
[Black "Astasio Lopez, David"]
[Result "1/2-1/2"]
[WhiteElo "2505"]
[BlackElo "2321"]
[PlyCount "97"]
[EventDate "2011.12.14"]
[EventRounds "9"]
[EventCountry "ESP"]

1. c4 c6 2. d4 d5 3. Nf3 Nf6 4. Qc2 g6 5. Bf4 dxc4 6. Qxc4 Bg7 7. Nc3 Qb6 8.
Qb3 Bf5 9. e3 Na6 10. Bc4 Qxb3 11. axb3 Nb4 12. Kd2 O-O 13. Ra4 Nbd5 14. Bxd5
cxd5 15. Rha1 a6 16. Be5 Ne4+ 17. Nxe4 Bxe4 18. Bxg7 Kxg7 19. Ne1 Bf5 20. Ra5
Rfd8 21. f3 Rd6 22. Rc5 h5 23. Rac1 Rad8 24. Rc7 R8d7 25. Rxd7 Rxd7 26. g3 Kf6
27. Ng2 g5 28. h4 g4 29. fxg4 Bxg4 30. Nf4 e5 31. Nd3 exd4 32. exd4 Re7 33.
Rf1+ Ke6 34. Re1+ Kd6 35. Rxe7 Kxe7 36. Nc5 Bc8 37. Ke3 Kd6 38. Kf4 f6 39. Nd3
Ke7 40. Nb4 Be6 41. Nc2 Kf7 42. Ne3 Kg6 43. Kf3 a5 44. Ke2 Kf7 45. Kd2 Ke7 46.
Kc3 Kd6 47. Ng2 Bf7 48. Nf4 Kc7 49. b4 {(Ilegible)} 1/2-1/2

[Event "6R. XXI Torneo Magistral de Elgoibar - Nazioarteko Xake Txapelketa Elgoibarko"]
[Site "Elgoibar"]
[Date "2011.12.18"]
[Round "6.4"]
[Board "1"]
[White "Anton Guijarro, David"]
[Black "Franco Alonso, Alejandro"]
[Result "1-0"]
[WhiteElo "2469"]
[BlackElo "2454"]
[PlyCount "163"]
[EventDate "2011.12.14"]
[EventRounds "9"]
[EventCountry "ESP"]

1. Nf3 Nf6 2. c4 e6 3. Nc3 b6 4. g3 Bb7 5. Bg2 Be7 6. O-O O-O 7. Re1 Ne4 8.
Nxe4 Bxe4 9. d3 Bb7 10. e4 c5 11. d4 cxd4 12. Nxd4 Nc6 13. Bf4 Nxd4 14. Qxd4
Bc5 15. Qd2 Qe7 16. a3 e5 17. Be3 a5 18. Rad1 Bc6 19. Bh3 Ra7 20. Bg5 f6 21.
Be3 a4 22. Bf1 Qe6 23. Qd3 Rc8 24. h4 Rac7 25. Kh2 Qe7 26. Rd2 Bxe3 27. Qxe3
Qc5 28. Qf3 Rf8 29. Qg4 Rcc8 30. h5 Rce8 31. Re3 Re6 32. Qd1 Re7 33. Bh3 Rff7
34. Bf5 Qxc4 35. Rc3 Qb5 36. Kg2 Rf8 37. Qg4 Kh8 38. Rcd3 Qc4 39. Rd6 Bb5 40.
Bxd7 Qf1+ 41. Kh2 Bxd7 42. Rxd7 Rxd7 43. Qxd7 h6 44. Qe7 Rg8 45. Qd6 Qe1 46.
Qb4 b5 47. Kg2 Kh7 48. Rd5 Qe2 49. Rd7 Rc8 50. Rxg7+ Kxg7 51. Qe7+ Kg8 52. Qe6+
Kg7 53. Qd7+ Kf8 54. Qxc8+ Ke7 55. Qf5 Qxb2 56. Qh7+ Ke6 57. Qxh6 b4 58. Qg6
bxa3 59. h6 a2 60. h7 a1=Q 61. Qf5+ Kd6 62. h8=Q Kc5 63. Qf8+ Kc4 64. Qe6+ Kd3
65. Qfxf6 Qd4 66. Qf3+ Kd2 67. Qh6+ Kc2 68. Qc6+ Kb1 69. g4 Qab2 70. g5 a3 71.
g6 a2 72. g7 a1=Q 73. g8=Q Qaa3 74. Qgg3 Qxf3+ 75. Qxf3 Qc2 76. Qb5+ Qcb2 77.
Qfd3+ Qxd3 78. Qxd3+ Kc1 79. Kf3 Qd4 80. Qe2 Qd6 81. Qc4+ Kd2 82. Qd5+ 1-0

[Event "6R. XXI Torneo Magistral de Elgoibar - Nazioarteko Xake Txapelketa Elgoibarko"]
[Site "Elgoibar"]
[Date "2011.12.18"]
[Round "6.5"]
[Board "1"]
[White "Gonzalez De La Torre, Santiago"]
[Black "Mirzoev, Azer"]
[Result "1-0"]
[WhiteElo "2431"]
[BlackElo "2510"]
[PlyCount "81"]
[EventDate "2011.12.14"]
[EventRounds "9"]
[EventCountry "ESP"]

1. d4 d5 2. c4 c6 3. Nf3 Nf6 4. e3 a6 5. Bd3 g6 6. O-O Bg7 7. Nc3 O-O 8. a4 Be6
9. Ng5 Bf5 10. a5 Bxd3 11. Qxd3 Nbd7 12. Nf3 Re8 13. cxd5 cxd5 14. Bd2 Rc8 15.
Rfc1 e6 16. b4 Bf8 17. b5 Rc4 18. b6 Qb8 19. e4 Rec8 20. e5 Ne8 21. Ne2 Rxc1+
22. Bxc1 Rc4 23. Nd2 Rc6 24. Ba3 Ng7 25. g4 f6 26. f4 Qd8 27. Nf3 Rc4 28. h3
fxe5 29. fxe5 Nb8 30. Rf1 Bxa3 31. Qxa3 Nc6 32. Qe3 Qe7 33. Qh6 Ne8 34. Ng5 Qg7
35. Rf8+ Kxf8 36. Nxe6+ Kg8 37. Nxg7 Nxg7 38. Qg5 Ne8 39. e6 Nxd4 40. Nxd4 Rxd4
41. Qe7 1-0

[Event "7R. XXI Torneo Magistral de Elgoibar - Nazioarteko Xake Txapelketa Elgoibarko"]
[Site "Elgoibar"]
[Date "2011.12.18"]
[Round "7.1"]
[Board "1"]
[White "Mirzoev, Azer"]
[Black "Forcen Esteban, Daniel"]
[Result "1-0"]
[WhiteElo "2510"]
[BlackElo "2410"]
[PlyCount "79"]
[EventDate "2011.12.14"]
[EventRounds "9"]
[EventCountry "ESP"]

1. d4 Nf6 2. Nf3 c5 3. e3 d5 4. Nbd2 Nbd7 5. b3 g6 6. Bb2 Bg7 7. Be2 O-O 8. O-O
b6 9. a4 a5 10. Bb5 Bb7 11. Qe2 Qc7 12. Rac1 Rac8 13. Rfd1 Rfd8 14. dxc5 bxc5
15. c4 e6 16. h3 Ne4 17. Bxg7 Kxg7 18. cxd5 exd5 19. Nxe4 dxe4 20. Bxd7 Rxd7
21. Rxd7 Qxd7 22. Ne5 Qc7 23. Qb2 f6 24. Nc4 Bd5 25. Qc3 Bxc4 26. Qxc4 Qc6 27.
g4 g5 28. Qc3 Qd5 29. Kg2 h5 30. gxh5 Qf5 31. Qxa5 Qf3+ 32. Kg1 Qxh3 33. Qa7+
Kg8 34. Qe7 Qg4+ 35. Kf1 Qxh5 36. Qxe4 Qh3+ 37. Ke2 Qh5+ 38. Kd2 Rd8+ 39. Kc3
Qe2 40. Qc4+ 1-0

[Event "7R. XXI Torneo Magistral de Elgoibar - Nazioarteko Xake Txapelketa Elgoibarko"]
[Site "Elgoibar"]
[Date "2011.12.18"]
[Round "7.2"]
[Board "1"]
[White "Franco Alonso, Alejandro"]
[Black "Gonzalez De La Torre, Santiago"]
[Result "1-0"]
[WhiteElo "2454"]
[BlackElo "2431"]
[PlyCount "89"]
[EventDate "2011.12.14"]
[EventRounds "9"]
[EventCountry "ESP"]

1. d4 Nf6 2. Nf3 d5 3. c4 c6 4. cxd5 cxd5 5. Nc3 Nc6 6. Bf4 Bf5 7. e3 e6 8. Bd3
Bxd3 9. Qxd3 Bd6 10. Bxd6 Qxd6 11. O-O O-O 12. Rac1 Rac8 13. a3 Na5 14. Rc2 Qb6
15. Nd2 Nc4 16. Rb1 Nxd2 17. Rxd2 Rc6 18. f3 h6 19. Qb5 Qc7 20. Qd3 Rd8 21.
Rbd1 Nd7 22. Ne2 Nb6 23. b3 Nd7 24. h3 Qa5 25. a4 Qc7 26. Kh1 Nb8 27. e4 Na6
28. e5 Nb4 29. Qe3 Qe7 30. f4 h5 31. Qf3 g6 32. g4 hxg4 33. hxg4 Kg7 34. Kg2
Rh8 35. Ng3 Nc2 36. Qf2 Qc7 37. f5 exf5 38. gxf5 gxf5 39. Nxf5+ Kf8 40. Nd6 Rc3
41. Rd3 Rg8+ 42. Kf1 Rg7 43. Qh4 Rxd3 44. Rxd3 Qe7 45. Qxe7+ 1-0

[Event "7R. XXI Torneo Magistral de Elgoibar - Nazioarteko Xake Txapelketa Elgoibarko"]
[Site "Elgoibar"]
[Date "2011.12.18"]
[Round "7.3"]
[Board "1"]
[White "Astasio Lopez, David"]
[Black "Anton Guijarro, David"]
[Result "1/2-1/2"]
[WhiteElo "2321"]
[BlackElo "2469"]
[PlyCount "114"]
[EventDate "2011.12.14"]
[EventRounds "9"]
[EventCountry "ESP"]

1. d4 Nf6 2. Nf3 d5 3. Nbd2 e6 4. e3 c5 5. c3 Nc6 6. Bd3 Bd6 7. O-O O-O 8. Qe2
Qc7 9. dxc5 Bxc5 10. e4 b6 11. Kh1 h6 12. h3 Nh5 13. Bb5 Bb7 14. exd5 exd5 15.
Bxc6 Bxc6 16. Nb3 Rfe8 17. Qd3 Re4 18. Nbd4 Rae8 19. Bd2 Bd7 20. Rfe1 Nf4 21.
Bxf4 Qxf4 22. Kg1 b5 23. a3 Bb6 24. Re2 Qf6 25. Rae1 Qg6 26. Re3 Bxh3 27. Nh4
Rxe3 28. Nxg6 Rxe1+ 29. Kh2 fxg6 30. Kxh3 Kh7 31. Qxb5 R8e5 32. g3 R1e4 33. Nf3
Rf5 34. Kg2 Re6 35. Nd4 Bxd4 36. cxd4 Rb6 37. Qe2 a5 38. Qc2 h5 39. f4 a4 40.
Kh3 Rb3 41. Kh4 Rf7 42. Qg2 Rb5 43. Qc2 Rf6 44. Qe2 Rfb6 45. f5 gxf5 46. Kg5
Rxb2 47. Qxh5+ Rh6 48. Qf7 Rf2 49. g4 Rf6 50. Qh5+ Kg8 51. Qe8+ Kh7 52. Qh5+
Rh6 53. Qf7 Rf1 54. gxf5 Rfh1 55. Kf4 Re1 56. Qxd5 Rh4+ 57. Kf3 Rh3+ 1/2-1/2

[Event "7R. XXI Torneo Magistral de Elgoibar - Nazioarteko Xake Txapelketa Elgoibarko"]
[Site "Elgoibar"]
[Date "2011.12.18"]
[Round "7.4"]
[Board "1"]
[White "Etchegaray, Patrice"]
[Black "Franco Ocampos, Zenon"]
[Result "1/2-1/2"]
[WhiteElo "2420"]
[BlackElo "2505"]
[PlyCount "30"]
[EventDate "2011.12.14"]
[EventRounds "9"]
[EventCountry "ESP"]

1. e4 e5 2. Nf3 Nc6 3. Bb5 a6 4. Ba4 Nf6 5. O-O Be7 6. Re1 b5 7. Bb3 d6 8. c3
O-O 9. h3 Na5 10. Bc2 c5 11. d4 Qc7 12. Nbd2 cxd4 13. cxd4 Nc6 14. d5 Nb4 15.
Bb1 a5 1/2-1/2

[Event "8R. XXI Torneo Magistral de Elgoibar - Nazioarteko Xake Txapelketa Elgoibarko"]
[Site "Elgoibar"]
[Date "2011.12.19"]
[Round "8.2"]
[White "Franco Ocampos, Zenon"]
[Black "Korneev, Oleg"]
[Result "0-1"]
[WhiteElo "2505"]
[BlackElo "2608"]
[PlyCount "73"]
[EventDate "2011.12.14"]

1. d4 d5 2. Nf3 Nf6 3. c4 e6 4. e3 Be7 5. b3 O-O 6. Bd3 c5 7. O-O cxd4 8. exd4
Nc6 9. Bb2 b6 10. Nc3 Bb7 11. Rc1 Rc8 12. Re1 Nb4 13. Bf1 Re8 14. Ne5 Bf8 15.
Qf3 Nc6 16. cxd5 Nxe5 17. dxe5 Nxd5 18. Ne4 Rxc1 19. Rxc1 Qd7 20. Qg4 Kh8 21.
Rd1 h6 22. Bc4 Rd8 23. Nc3 Qe8 24. Nxd5 Bxd5 25. Bxd5 Rxd5 26. Rxd5 exd5 27. h4
Kg8 28. h5 Qe6 29. Qg3 g6 30. hxg6 Qxg6 31. Qxg6+ fxg6 32. e6 Bd6 33. Kf1 Kf8
34. Bf6 Be7 35. Be5 Ba3 36. Bf6 Bc1 37. Ke2 {(Iliegible)} 0-1

[Event "8R. XXI Torneo Magistral de Elgoibar - Nazioarteko Xake Txapelketa Elgoibarko"]
[Site "Elgoibar"]
[Date "2011.12.19"]
[Round "8.3"]
[White "Anton Guijarro, David"]
[Black "Etchegaray, Patrice"]
[Result "1-0"]
[WhiteElo "2469"]
[BlackElo "2420"]
[PlyCount "129"]
[EventDate "2011.12.14"]

1. d4 Nf6 2. c4 g6 3. Nc3 Bg7 4. e4 d6 5. Nf3 O-O 6. Be2 e5 7. Be3 Ng4 8. Bg5
f6 9. Bh4 g5 10. Bg3 Nh6 11. dxe5 fxe5 12. h4 g4 13. Ng5 Nc6 14. c5 Nd4 15.
Bc4+ Kh8 16. cxd6 Qxd6 17. Nd5 Ne6 18. Rc1 c6 19. Nxe6 Bxe6 20. Ne3 Qe7 21. Qd2
Rf4 22. Bxe6 Qxe6 23. Qb4 b5 24. O-O a5 25. Qc5 Rxe4 26. Qxc6 Qxc6 27. Rxc6 Rf8
28. Rfc1 Rb4 29. Rc7 Nf5 30. Nxf5 Rxf5 31. Rd1 Kg8 32. Rd8+ Bf8 33. b3 a4 34.
Rc3 axb3 35. axb3 Rd4 36. Rb8 e4 37. Rc6 Rd3 38. b4 Kg7 39. Rc7+ Kg6 40. Rb6+
Rf6 41. h5+ Kg5 42. Rxb5+ Kh6 43. Rbb7 Kxh5 44. Rxh7+ Kg6 45. Rh4 Bd6 46. Bxd6
Rfxd6 47. Rxg4+ Kf5 48. Rh4 Rd1+ 49. Kh2 R1d4 50. Rb5+ Kg6 51. Re5 Rxb4 52.
Rexe4 Rb2 53. f3 Rf6 54. Reg4+ Kf7 55. Rf4 Rxf4 56. Rxf4+ Kg6 57. Kh3 Kg5 58.
Ra4 Rb5 59. g4 Rb3 60. Kg3 Rc3 61. Ra5+ Kg6 62. Re5 Ra3 63. Kf4 Ra4+ 64. Re4
Ra3 65. Re6+ 1-0

[Event "8R. XXI Torneo Magistral de Elgoibar - Nazioarteko Xake Txapelketa Elgoibarko"]
[Site "Elgoibar"]
[Date "2011.12.19"]
[Round "8.4"]
[White "Gonzalez De La Torre, Santiago"]
[Black "Astasio Lopez, David"]
[Result "1-0"]
[WhiteElo "2431"]
[BlackElo "2321"]
[PlyCount "115"]
[EventDate "2011.12.14"]

1. d4 d5 2. c4 c6 3. Nc3 Nf6 4. e3 e6 5. Nf3 Nbd7 6. Bd3 Bd6 7. e4 dxe4 8. Nxe4
Nxe4 9. Bxe4 e5 10. O-O O-O 11. dxe5 Nxe5 12. Nxe5 Bxe5 13. Bxh7+ Kxh7 14. Qh5+
Kg8 15. Qxe5 Re8 16. Qf4 Qd3 17. b3 Re4 18. Qd2 Qxd2 19. Bxd2 Re2 20. Rfd1 Bf5
21. Be3 a5 22. Kf1 Rc2 23. Rd2 a4 24. Rad1 Rxd2 25. Rxd2 axb3 26. axb3 Ra1+ 27.
Ke2 Rb1 28. Kf3 Rxb3 29. Rd8+ Kh7 30. g4 Rd3 31. Rb8 Be6 32. c5 Rd7 33. Kg3 f6
34. h4 Bc4 35. Kf4 Re7 36. Rd8 Bd5 37. Kg3 Kg6 38. Rb8 Kh7 39. Bf4 Rd7 40. f3
Re7 41. Kf2 Bc4 42. Be3 Rd7 43. f4 f5 44. g5 Bf7 45. Bc1 Bh5 46. Ke3 Re7+ 47.
Kd2 Kg6 48. Bb2 Kf7 49. Be5 Rd7+ 50. Kc3 Ke6 51. Rh8 g6 52. Bd6 b5 53. Re8+ Kf7
54. Rf8+ Kg7 55. Rf6 Bf3 56. Be5 b4+ 57. Kxb4 Rb7+ 58. Kc3 1-0

[Event "8R. XXI Torneo Magistral de Elgoibar - Nazioarteko Xake Txapelketa Elgoibarko"]
[Site "Elgoibar"]
[Date "2011.12.19"]
[Round "8.5"]
[White "Mirzoev, Azer"]
[Black "Franco Alonso, Alejandro"]
[Result "1-0"]
[WhiteElo "2510"]
[BlackElo "2454"]
[PlyCount "147"]
[EventDate "2011.12.14"]

1. d4 Nf6 2. c4 e6 3. Nc3 Bb4 4. Qc2 O-O 5. a3 Bxc3+ 6. Qxc3 d5 7. Bg5 dxc4 8.
Qxc4 b6 9. Nf3 Ba6 10. Qa4 c5 11. Rd1 Qe8 12. Qxe8 Rxe8 13. Bxf6 gxf6 14. dxc5
bxc5 15. e3 Bxf1 16. Rxf1 Kf8 17. Ke2 Ke7 18. Rd2 Nd7 19. Rc1 Rec8 20. Rc4 Rab8
21. Rdc2 Rg8 22. g3 Rb7 23. Nd2 Rgb8 24. b3 Kf8 25. Rf4 Kg7 26. Rc3 f5 27. h3
Rb5 28. Ra4 R8b7 29. Kd1 Nb6 30. Ra6 Nd5 31. Rc4 Nf6 32. Kc2 Ne4 33. a4 Rb4 34.
Nxe4 Rxc4+ 35. bxc4 fxe4 36. a5 Rc7 37. Rd6 Kf6 38. Rd8 Ke5 39. Ra8 Kd6 40. g4
f5 41. g5 Rg7 42. h4 h6 43. gxh6 Rh7 44. Kb3 Rxh6 45. Rxa7 Rxh4 46. Ra6+ Kd7
47. Rb6 Rh1 48. Ka4 Rf1 49. Kb5 Rxf2 50. Kxc5 Ra2 51. a6 f4 52. exf4 e3 53.
Rd6+ Ke7 54. Rd3 e2 55. Re3 Rxa6 56. Rxe2 Kd7 57. Rh2 Ke7 58. Rh7+ Kf6 59. Kb5
Ra1 60. c5 Rb1+ 61. Kc6 Rb4 62. Rh4 Kf5 63. Kc7 Rc4 64. c6 Rc1 65. Kd7 Rd1+ 66.
Kc8 Rc1 67. c7 Rc2 68. Rh6 Rd2 69. Kb7 Rb2+ 70. Kc6 Rc2+ 71. Kd7 Rd2+ 72. Ke7
Rc2 73. Rf6+ Kg4 74. Kd7 1-0

[Event "9R. XXI Torneo Magistral de Elgoibar - Nazioarteko Xake Txapelketa Elgoibarko"]
[Site "Elgoibar"]
[Date "2011.12.20"]
[Round "9.1"]
[White "Franco Alonso, Alejandro"]
[Black "Forcen Esteban, Daniel"]
[Result "0-1"]
[WhiteElo "2454"]
[BlackElo "2410"]
[PlyCount "108"]
[EventDate "2011.12.14"]

1. Nf3 c5 2. c4 Nc6 3. d4 cxd4 4. Nxd4 Nf6 5. Nc3 Qb6 6. Nc2 e6 7. e3 Be7 8.
Be2 O-O 9. O-O d5 10. cxd5 exd5 11. b3 Bf5 12. Bb2 Rac8 13. Bd3 Bg4 14. Nxd5
Bxd1 15. Nxb6 Bxc2 16. Nxc8 Bxd3 17. Nxe7+ Nxe7 18. Rfd1 Bb5 19. Rac1 Bc6 20.
f3 Nfd5 21. e4 Nf4 22. Kf2 f5 23. Ba3 Re8 24. Bd6 g5 25. Bxf4 gxf4 26. exf5
Nxf5 27. Rc5 Ng7 28. Re1 Rxe1 29. Kxe1 Kf7 30. Kf2 Ne6 31. Ra5 a6 32. Rh5 Kg6
33. Re5 Nd4 34. Rc5 Ne6 35. Re5 Kf6 36. Rh5 Ng5 37. Rh6+ Kf5 38. b4 Be8 39. Rb6
Bc6 40. a4 Nf7 41. b5 axb5 42. axb5 Bd5 43. g3 Ke5 44. gxf4+ Kd4 45. Rf6 Kc5
46. b6 Nd6 47. f5 Nc4 48. Kg3 Nxb6 49. Rh6 Nc4 50. Rxh7 b5 51. Re7 b4 52. h4 b3
53. h5 Nd6 54. h6 Nxf5+ 0-1

[Event "9R. XXI Torneo Magistral de Elgoibar - Nazioarteko Xake Txapelketa Elgoibarko"]
[Site "Elgoibar"]
[Date "2011.12.20"]
[Round "9.2"]
[White "Astasio Lopez, David"]
[Black "Mirzoev, Azer"]
[Result "1/2-1/2"]
[WhiteElo "2321"]
[BlackElo "2510"]
[PlyCount "29"]
[EventDate "2011.12.14"]

1. d4 d5 2. Nf3 Nf6 3. Nbd2 c6 4. c3 Bf5 5. Nh4 Bg6 6. g3 Nbd7 7. Bg2 e6 8.
Nxg6 hxg6 9. O-O Be7 10. Re1 O-O 11. e4 dxe4 12. Nxe4 Nxe4 13. Bxe4 Nf6 14. Bf3
Qc7 15. Qe2 1/2-1/2

[Event "9R. XXI Torneo Magistral de Elgoibar - Nazioarteko Xake Txapelketa Elgoibarko"]
[Site "Elgoibar"]
[Date "2011.12.20"]
[Round "9.3"]
[White "Etchegaray, Patrice"]
[Black "Gonzalez De La Torre, Santiago"]
[Result "1/2-1/2"]
[WhiteElo "2420"]
[BlackElo "2431"]
[PlyCount "147"]
[EventDate "2011.12.14"]

1. e4 c6 2. d4 d5 3. exd5 cxd5 4. c4 Nf6 5. Nc3 e6 6. Nf3 Be7 7. Bd3 O-O 8. O-O
dxc4 9. Bxc4 a6 10. Qe2 b5 11. Bb3 b4 12. Ne4 Bb7 13. Nc5 Bd5 14. Bg5 Nc6 15.
Bxd5 Qxd5 16. Rfd1 Rfc8 17. Na4 Qa5 18. b3 Nd5 19. Bxe7 Ncxe7 20. Ne5 Ra7 21.
Rac1 Nc3 22. Nxc3 bxc3 23. Nc4 Qb4 24. Ne3 h6 25. d5 Nxd5 26. Nxd5 exd5 27.
Rxd5 c2 28. Rxc2 Rxc2 29. Rd8+ Kh7 30. Qxc2+ g6 31. g3 Qe1+ 32. Kg2 Re7 33. Qc4
Kg7 34. Qd4+ Qe5 35. b4 Qxd4 36. Rxd4 Re2 37. a3 Ra2 38. Rd3 h5 39. h4 f6 40.
Kf3 Kf7 41. Re3 g5 42. Rc3 Kg6 43. hxg5 fxg5 44. Rc6+ Kf5 45. Rxa6 h4 46. Ra5+
Kf6 47. gxh4 gxh4 48. Kg2 Ke6 49. Kg1 h3 50. Kh2 Rxf2+ 51. Kxh3 Rf3+ 52. Kg4
Rb3 53. Kf4 Kd6 54. Ke4 Kc6 55. Kd4 Kb6 56. Kc4 Rh3 57. Rb5+ Ka6 58. Ra5+ Kb6
59. Rb5+ Ka6 60. a4 Rh4+ 61. Kd3 Rh3+ 62. Ke4 Rh4+ 63. Kf3 Rc4 64. Ke3 Rh4 65.
Kd3 Rh3+ 66. Kc2 Rh2+ 67. Kc3 Rh3+ 68. Kd4 Rh4+ 69. Ke3 Rh3+ 70. Kf2 Rh4 71.
Ra5+ Kb6 72. Rb5+ Ka6 73. Kg3 Rc4 74. Ra5+ 1/2-1/2

[Event "9R. XXI Torneo Magistral de Elgoibar - Nazioarteko Xake Txapelketa Elgoibarko"]
[Site "Elgoibar"]
[Date "2011.12.20"]
[Round "9.4"]
[White "Korneev, Oleg"]
[Black "Anton Guijarro, David"]
[Result "1/2-1/2"]
[WhiteElo "2608"]
[BlackElo "2469"]
[PlyCount "25"]
[EventDate "2011.12.14"]

1. e4 c5 2. Nf3 d6 3. d4 cxd4 4. Nxd4 Nf6 5. Nc3 g6 6. Be3 a6 7. f3 h5 8. Qd2
Bg7 9. Bc4 b5 10. Bb3 Bb7 11. O-O-O Nbd7 12. Kb1 Nc5 13. Nd5 1/2-1/2

[Event "9R. XXI Torneo Magistral de Elgoibar - Nazioarteko Xake Txapelketa Elgoibarko"]
[Site "Elgoibar"]
[Date "2011.12.20"]
[Round "9.5"]
[White "Paunovic, Dragan"]
[Black "Franco Ocampos, Zenon"]
[Result "1/2-1/2"]
[WhiteElo "2528"]
[BlackElo "2505"]
[PlyCount "29"]
[EventDate "2011.12.14"]

1. c4 Nf6 2. Nf3 g6 3. Nc3 Bg7 4. e4 d6 5. d4 O-O 6. Be2 e5 7. dxe5 dxe5 8.
Qxd8 Rxd8 9. Bg5 Re8 10. Nd5 Nxd5 11. cxd5 c6 12. Bc4 cxd5 13. Bxd5 Nc6 14. O-O
h6 15. Be3 1/2-1/2
 
*